000 00668nam a2200241Ia 4500
003 OSt
005 20220918210229.0
006 a|||||r|||| 00| 0
007 ta
008 220917b |||||||| |||| 00| 0 eng d
024 _a119,659
037 _cTextual
040 _aARTS
_cARTS
_beng
041 _2eng
_aeng
082 _aV73:24:N5, J62;1
100 _aPorter Kirk H comp
_9117489
245 0 _aNational party platforms, 1840-1956
260 _c1956
650 _aHISTORY
700 _a Johnson Donald Bruce comp
_9117490
942 _hV73:24:N5, J62;1
_cTEXL
_2CC
999 _c242919
_d242919